| Tag |
First Indicator |
Second Indicator |
Subfields |
| LEADER |
00000cam a2200000Ia 4500 |
| 001 |
in00002543913 |
| 005 |
20211202192630.0 |
| 006 |
m d f |
| 007 |
cr cn||||||||| |
| 008 |
091210s2007 dcuab s f000 0 eng d |
| 035 |
|
|
|a (OCoLC)ocn476838988
|
| 040 |
|
|
|a GPO
|c GPO
|d MvI
|d UtOrBLW
|
| 043 |
|
|
|a n-us---
|
| 049 |
|
|
|a WWW
|
| 074 |
|
|
|a 0146 (online)
|
| 086 |
0 |
|
|a C 3.2:AD 2/3
|
| 245 |
0 |
0 |
|a Local Update of Census Addresses (LUCA) Program tribal government information booklet :
|b 2010 decennial census program.
|
| 264 |
|
1 |
|a [Washington, D.C.] :
|b U.S. Dept. of Commerce, Economics and Statistics Administration, U.S. Census Bureau,
|c [2007]
|
| 300 |
|
|
|a 1 online resource (12 pages ) :
|b illustrations (some color), color maps.
|
| 336 |
|
|
|a text
|b txt
|2 rdacontent
|
| 337 |
|
|
|a computer
|b c
|2 rdamedia
|
| 338 |
|
|
|a online resource
|b cr
|2 rdacarrier
|
| 500 |
|
|
|a Title from PDF title screen (viewed on Dec. 10, 2009).
|
| 500 |
|
|
|a "Issued January 2007."
|
| 500 |
|
|
|a "D-1693T."
|
| 500 |
|
|
|a Electronic resource.
|
| 610 |
1 |
0 |
|a United States
|x Census, 2010
|x Methodology.
|
| 610 |
1 |
0 |
|a United States
|x Census, 2010
|x Planning.
|
| 610 |
2 |
0 |
|a Local Update of Census Addresses (Program)
|
| 710 |
2 |
|
|a U.S. Census Bureau.
|
| 856 |
4 |
0 |
|u https://purl.fdlp.gov/GPO/LPS117536
|t 0
|
| 999 |
|
|
|a MARS
|
| 999 |
f |
f |
|s 73fed4fe-1878-38c4-a48b-26a15fecfd30
|i 601cecd3-9395-34a1-8651-fb6eda8ac83c
|t 0
|
| 952 |
f |
f |
|a Texas A&M University
|b College Station
|c Electronic Resources
|d Available Online
|t 0
|e C 3.2:AD 2/3
|h Superintendent of Documents classification
|
| 998 |
f |
f |
|a C 3.2:AD 2/3
|t 0
|l Available Online
|